000 00585nam a2200229 a 4500
999 _c4982
_d4982
001 4982
003 BD-JhCC
005 20171206123154.0
008 171206s19601964e a|||| || | 000 0 eng d
035 _a(BD-JhCC)4982
040 _aBD-JhCC
_dBD-JhCC
041 _aeng
082 _a537
_bSYR 1964
100 _aSyrocki, John
245 _aWhat is Electricity /
_cJohn Syrocki,
250 _a2nd Ed.
260 _aLondon :
_bWilliam Collins Sons Co. Ltd,
_c1964.
300 _a48 p. :
_bill. ;
_c20 cm
650 _aElectricity and Eletronics
942 _2ddc
_cBK